000 00329 a2200157 4500
001 72495
020 _a8516020967
040 _cAnchieta - Colégio São Paulo
100 _aDumont, Ângela
240 1 0 _aMatizes
_lpor
245 1 0 _aMatizes
300 _a[32]
362 0 _a2000
650 4 _aLiteratura infantil
942 _cBK
999 _c72495
_d72495